000 01045nam0a22002891 4500
001 rc\2796817
005 20230601115631.0
035 _a(NLR Aleph) 006922862
090 _a7465594
_c7465594
100 _a20110915d1936 |||y0rusy50 ca
101 1 _arus
_cfre
102 _aRU
105 _aa z |||||
200 1 _aПроизводство фасонной пряжи
_fД. Данцер, Д. Депра
_gПер. с 2 фр. изд. Е. Н. Толпыго
_gПод ред. С. А. Анучина и Г. Н. Кукина
210 _aМосква
_aЛенинград
_cГизлегпром
_d1936
_eМосква
_g5 тип. Трансжелдориздата
215 _aОбл., 78, [2] с.
_cил.
_d23х15 см.
700 1 _aДанцер
_bД.
701 1 _aДепра
_bД.
702 1 _aАнучин
_bС. А.
_4340
702 1 _aТолпыго
_bЕ. Н.
_4730
702 1 _aКукин
_bГ. Н.
_4340
801 0 _aRU
_bNLR
_gpsbo
801 1 _aRU
_bELAR
_2rusmarc
852 _aNLR
_j36-11/1467
942 _cBOOK
980 _aNB